000 01124nab a22002297a 4500
999 _c6370
_d6370
003 OSt
005 20260131210732.0
008 190603e xxum|||| |||| 00| 0 spa d
040 _cPJ
100 _95449
_aCappagli, Santiago
245 1 0 _aMedidas autosatisfactivas en los conflictos societarios /
_cSantiago Cappagli.
260 _cCiudad Autónoma de Buenos Aires :
_aThomson Reuters La Ley,
_b2025.
300 _ap. 285-296
500 _aCita: TR LALEY AR/DOC/2802/2025 Publicado en: RCCyC 2025 (Diciembre).
505 _aSumario: I. Preliminar.— II. Objeto del aporte.— III. El asunto que motivó la investigación.— IV. Precedentes de la Cámara Nacional de Apelaciones en lo Comercial.— V. Conclusión.
505 _t¿Te interesa el texto completo? Solicitalo al correo: koha@justierradelfuego.gov.ar
650 0 _aSOCIEDADES COMERCIALES
_9646
650 0 _aMEDIDAS AUTOSATISFACTIVAS
_94222
650 0 _aMEDIDAS CAUTELARES
_91051
773 0 _02713
_93170
_dCiudad Autónoma de Buenos Aires : Thomson Reuters La Ley, 2015-
_tRevista Código Civil y Comercial. Nº 6 - Diciembre 2025
942 _2udc
_cANA